| 000 | 00659nam a2200241Ia 4500 | ||
|---|---|---|---|
| 003 | OSt | ||
| 005 | 20221005065901.0 | ||
| 006 | a|||||r|||| 00| 0 | ||
| 007 | ta | ||
| 008 | 221004b |||||||| |||| 00| 0 eng d | ||
| 024 | _a14632 | ||
| 037 | _cTextual | ||
| 040 |
_aCRL _cCRL _beng |
||
| 041 |
_2eng _aeng |
||
| 082 | _aR6x, N0 | ||
| 100 | _aPrabhupada A C Bhaktivedanta Swami | ||
| 245 | 0 | _aJourney of self-discovery | |
| 260 |
_aMumbai _bBhaktivedanta Book Trust India _c1990 |
||
| 300 |
_a283p. _ccm. |
||
| 650 | _aINDIAN PHILOSOPHY | ||
| 942 |
_hR6x, N0 _cTEXL _2cc |
||
| 999 |
_c975355 _d975355 |
||